03658cam a22005534i 4500003000900000005001700009008004100026020001500067020001800082035002000100040003300120049000900153082002300162245010200185250002300287264005700310300005500367336002100422337002500443338002300468504003900491505158900530526000902119526000902128526000902137526000902146526000902155526000902164526000802173526000802181526000802189526000802197526000802205526000802213541001702221650003702238650003502275650005002310700001802360700002102378710002702399910002802426942001402454949019502468596000602663999019502669980005502864952018502919PE-LiUPU20250731184513.0161212s2015 pe a rb 000 0 spa d a9972718441 a9789972718441 a(Sirsi) a165621 aPE-LiUPUbspacPE-LiUPUerda aPRUA04a985.015bCH529220 aChavín /ceditor, Peter Fux ; asesores científicos y colaboradores, Walter Alva ... [et al.]. aPrimera edición. 1aLima :bAsociación Museo de Arte de Lima,c[2015]. a412 páginas. :bilustraciones ;c28 centimetros. atext2rdacontent aunmediated2rdamedia avolume2rdacarrier aBibliografía : páginas 399_4110 aIntroducción -- El concepto de "sociedad compleja" en la arquelogía del nuevo mundo -- ¿Qué es Chavín? -- La arqueología del desierto costeño: oasis ribereños agricultura y cohesión ritual -- Intoducción -- Los primeros pobladores y las primeras sociedades en el litoral -- Procesos cilturales tempranos en los andes del sur -- Centros ceremoniales del periodo formativos en las regiones de la costa norte y central -- La historia cutural de la región Lambayeque durante el formativo -- Monumentalismo temprano en los andes centrales; los orígenes de la arquitectura monumental en el valle de la Casma -- La arqueología de la sierra: innovación y dinamismo -- Introduccón -- Ocupaciones tempranas post-pleistocénicas en la sierra de los andes centrales -- La diversidad de los centros ceremoniales tempranos en la sierra norte -- Chavín de Huántar: descubrimeinto, arte, arquitectura, ritual y transformación -- Introducción -- Narraciones e investigaciones en un sitio formativo de los andes cetrales: Chavín de Huantar -- El arte de Chavín: precursores y desarrollo temprano -- Arquitectura y espacio ritual en Chavín de Huántar -- Religión y autoridad en Chavín de Huántar -- Los rituales religiosos en Chavín y su importancia suprarregional -- Inspiración lejana: la periferia y el legado de las innovaciones del formativo -- Introducción -- El periodo formativo en el Ecuador -- Los Mochicas, herederos del periodo formativo de la costa norte, y el renacimiento de los antiguos dioses -- El legado del formativo: Nasca. aP136 aP135 aP134 aP133 aP144 aP143 aP87 aP35 aP20 aP14 aP10 aP06 g003-0047644;04aChavín, CulturavExhibiciones.04aArqueologíazPerúzAncash.04aExcavaciones (Arqueología)zPerúzAncash.1 aAlva, Walter.1 aFux, Peter,eed.2 aMuseo de Arte de Lima. ajckbjoscjckd20161212 2ddccBOOK a985.015 CH529wDEWEYc1i75070lCATALOGINGmBULp54.00r0sYtBOOKu2016-12-12xSALUDPP330COMPRAo.CIRCNOTE. El documento es de alto precio.o.STAFF.Colección Ingeniería y Arquitectura a1 a985.015 CH529wDEWEYc14399i75070d14399e2017-5-26f2021-11-8g7lCCODEBUL1mBULn2p54.00r0sYtBOOKu2016-12-12xBIBLIOTECAPP060COMPRAo.STAFF. Colección Ingeniería y Arquitectura 81gALBERTO SANCHEZ Responsable de Automatización r2025-12-03 00:00:00i8l2o985.015 CH529p75070s2017-05-26te1v59.00w2016-12-12xFIAyBKzinventario-2023-12-13102ddc50708GENfP06aBULbBULcGENd2016-12-12eCOMPRAg54.00